Đặc điểm văn xuôi Thanh Quế
Thanh Quế - Cuộc đời và hành trình sáng tạo nghệ thuật; Các phương diện nội dung cơ bản trong văn xuôi Thanh Quế; Những phương thức thể hiện chủ yếu trong văn xuôi Thanh Quế...
সংরক্ষণ করুন:
| প্রধান লেখক: | |
|---|---|
| অন্যান্য লেখক: | |
| বিন্যাস: | গ্রন্থ |
| প্রকাশিত: |
Đà Nẵng
Đại học Đà Nẵng
2012
|
| বিষয়গুলি: | |
| ট্যাগগুলো: |
ট্যাগ যুক্ত করুন
কোনো ট্যাগ নেই, প্রথমজন হিসাবে ট্যাগ করুন!
|
| Thư viện lưu trữ: | Mạng thư viện Đại học Đà Nẵng |
|---|
| LEADER | 01607nam a2200325 4500 | ||
|---|---|---|---|
| 001 | 000017908 | ||
| 003 | 14334 | ||
| 005 | 20130828150858.0 | ||
| 008 | 130618s2012 sd | ||
| 082 | |a 895.92283408 |b PH-T | ||
| 100 | |a Phan Hữu Thịnh | ||
| 245 | |a Đặc điểm văn xuôi Thanh Quế |c Phan Hữu Thịnh ; Nguyễn Đình Vĩnh hướng dẫn. |k Luận văn Thạc sĩ | ||
| 260 | |a Đà Nẵng |b Đại học Đà Nẵng |c 2012 | ||
| 300 | |a 88 tr., phụ lục 3 tr. |c 29 cm. |e CD + tóm tắt | ||
| 500 | |a Luận văn thạc sĩ Khoa học xã hội và nhân văn. Chuyên ngành : Văn học Việt Nam. Mã số: 60.22.34. | ||
| 520 | |a Thanh Quế - Cuộc đời và hành trình sáng tạo nghệ thuật; Các phương diện nội dung cơ bản trong văn xuôi Thanh Quế; Những phương thức thể hiện chủ yếu trong văn xuôi Thanh Quế... | ||
| 600 | 1 | 4 | |a Thanh Quế |d 1945- |
| 650 | 0 | 4 | |a Văn xuôi Việt Nam |v Luận văn tốt nghiệp |x Nghiên cứu |
| 653 | |a Văn học Việt Nam |a Văn xuôi Việt Nam | ||
| 700 | |a Nguyễn Đình Vĩnh |c T.S |e Hướng dẫn | ||
| OWN | |a LSP | ||
| AVA | |a UDN50 |b LSP |d 895.92283408 PH-T |e available |t Error 5001 Not defined in file expand_doc_bib_avail. |f 1 |g 0 |h N |i 0 |k 1 | ||
| 999 | |a From the UDN01 | ||
| AVA | |a UDN50 |b LSP |d 895.92283408 PH-T |e available |t Error 5001 Not defined in file expand_doc_bib_avail. |f 1 |g 0 |h N |i 0 |k 1 | ||
| TYP | |a Monograph | ||
| TYP | |a Printed language | ||
| 980 | |a Mạng thư viện Đại học Đà Nẵng | ||